El pro y el contra en la cuestión de la pena de muerte (Record no. 54753)

MARC details
000 -LEADER
campo de control de longitud fija 00770nam a2200205 4500
001 - NÚMERO DE CONTROL
campo de control 54753
003 - IDENTIFICADOR DE NÚMERO DE CONTROL
campo de control ES-MaACL
005 - FECHA Y HORA DE LA ÚLTIMA TRANSACCIÓN
campo de control 20250808034523.0
007 - CAMPO FIJO DE DESCRIPCIÓN FÍSICA--INFORMACIÓN GENERAL
campo de control de longitud fija t|
008 - DATOS DE LONGITUD FIJA--INFORMACIÓN GENERAL
campo de control de longitud fija 960728s1870 sp |||| | spa d
100 1# - ENTRADA PRINCIPAL--NOMBRE DE PERSONA
Nombre de persona Gabba, Carlo Francesco (
Fechas asociadas al nombre 1838-1920)
9 (RLIN) 53129
245 13 - MENCIÓN DEL TÍTULO
Título El pro y el contra en la cuestión de la pena de muerte
Resto del título : consideraciones críticas /
Mención de responsabilidad, etc. por C. F. Gabba; traducción del italiano por Federico Melchor y Emilio Cano y Cáceres.
260 ## - PUBLICACIÓN, DISTRIBUCIÓN, ETC.
Lugar de publicación, distribución, etc. Madrid :
Nombre del editor, distribuidor, etc. [s.n.],
Fecha de publicación, distribución, etc. 1870 (
Fabricante Imp. de E. de la Riva)
300 ## - DESCRIPCIÓN FÍSICA
Extensión 208 p. ;
Dimensiones 20 cm.
650 07 - PUNTO DE ACCESO ADICIONAL DE MATERIA--TÉRMINO DE MATERIA
Término de materia o nombre geográfico como elemento de entrada Pena de muerte
Fuente del encabezamiento o término embne
9 (RLIN) 15915
700 1# - ENTRADA AGREGADA--NOMBRE PERSONAL
Nombre de persona Melchor y Lamanette, Federico.
9 (RLIN) 129802
700 1# - ENTRADA AGREGADA--NOMBRE PERSONAL
Nombre de persona Cano y Cáceres, Emilio.
9 (RLIN) 34578
852 ## - LOCALIZACIÓN
Ubicación ES-MaACL
Número de control de estantería B-7278
Holdings
Estatus retirado Estado de pérdida Estado de daño No para préstamo Colección Biblioteca de origen Biblioteca actual Ubicación en estantería Fecha de adquisición Fuente de adquisición Total de préstamos Signatura topográfica completa Código de barras Visto por última vez Precio de reemplazo Tipo de ítem Koha
        Libros del s. XIX Biblioteca del Ateneo de Madrid Biblioteca del Ateneo de Madrid Sala Pardo Bazán 17/01/2008     B-7278 1057534 23/02/2023 23/02/2023 Libro impreso antiguo